000
00264 a2200121 4500
020
_a
9788426437426
041
_a
spa
100
_a
Snicket, Lemony
245
_a
El ventanal
500
_a
Una serie de catastrf̀¤icas desdichas. 3., .
942
_c
BK
999
_c
2616
_d
2616
999
_d
2616